एक सौ एक शिशुगीत / (Record no. 168997)
[ view plain ]
| 000 -LEADER | |
|---|---|
| fixed length control field | 01045nam a22002417a 4500 |
| 005 - DATE AND TIME OF LATEST TRANSACTION | |
| control field | 20191101154803.0 |
| 010 ## - LCCN (DPL NO) | |
| LC control number | B-730673 |
| 020 ## - INTERNATIONAL STANDARD BOOK NUMBER | |
| International Standard Book Number | 9789383346424 |
| Terms of availability | 350.00 |
| 035 ## - SYSTEM CONTROL NUMBER | |
| System control number | B-730673 |
| 037 ## - SOURCE OF ACQUISITION | |
| Source of stock number/acquisition | डी.बी.ए.डी./ उपहार |
| 082 ## - DEWEY DECIMAL CLASSIFICATION NUMBER | |
| Classification number | 821 |
| 100 ## - MAIN ENTRY--PERSONAL NAME | |
| Personal name | प्रकाश मनु |
| 245 ## - TITLE STATEMENT | |
| Title | एक सौ एक शिशुगीत / |
| Statement of responsibility, etc | प्रकाश मनु |
| 260 ## - PUBLICATION, DISTRIBUTION, ETC. (IMPRINT) | |
| Place of publication, distribution, etc | दिल्ली |
| Name of publisher, distributor, etc | ट्रांस ग्लोबल पब्लिशिंग कं. |
| Date of publication, distribution, etc | 2017 |
| 270 ## - ADDRESS | |
| Address | 1362, सैकंड फ्लोर , कश्मीरी गेट |
| City | दिल्ली |
| Postal code | 110006 |
| 300 ## - PHYSICAL DESCRIPTION | |
| Extent | 112पृ; |
| Other physical details | सचित्र |
| Dimensions | 24सेमी (सजिल्द) |
| 650 ## - SUBJECT ADDED ENTRY--TOPICAL TERM | |
| Topical term or geographic name as entry element | गीत |
| 650 ## - SUBJECT ADDED ENTRY--TOPICAL TERM | |
| Topical term or geographic name as entry element | बाल कहानियाँ |
| 650 ## - SUBJECT ADDED ENTRY--TOPICAL TERM | |
| Topical term or geographic name as entry element | Children Stories |
| 700 ## - ADDED ENTRY--PERSONAL NAME | |
| 9 (RLIN) | 19732 |
| 942 ## - ADDED ENTRY ELEMENTS (KOHA) | |
| Institution code [OBSOLETE] | dpl |
| Item type | Children Books |
| Source of classification or shelving scheme | Dewey Decimal Classification |
| Classification part | 821 |
| Call number suffix | प्रकाश |
| Withdrawn status | Lost status | Not for loan | Collection code | Home library | Current library | Date acquired | Source of acquisition | Cost, normal purchase price | Full call number | Barcode | Copy number | Cost, replacement price | Koha item type | Public note |
|---|---|---|---|---|---|---|---|---|---|---|---|---|---|---|
| Non-fiction | Kadipur | Kadipur | 01/11/2019 | उपहार/22.10.2019 | 350.00 | 821 प्रकाश | B-730673 | 1 | 350.00 | Children Books | उपहार |
